| 000 | 00671nam a2200181Ia 4500 | ||
|---|---|---|---|
| 005 | 20250423094617.0 | ||
| 008 | 250422s9999 xx 000 0 und d | ||
| 020 | _a9780582233805 | ||
| 050 | _aPS 3545.R815 W75/ | ||
| 100 | _aWright, Richard | ||
| 245 | 0 | _aBlack boy; a record of childhood and youth | |
| 260 | _aNew York | ||
| 260 | _bLongman | ||
| 260 | _c2009 | ||
| 300 | _a254 p | ||
| 650 | _a Wright, Richard, 1908-1960. Wright, Richard, 1908-1960--Childhood and youth. African Americans--Mississippi--Social life and customs. Authors, American--20th century--Biography. African American authors--Biography. Mississippi--Social life and custom | ||
| 942 | _cBK | ||
| 999 |
_c27758 _d27758 |
||